Les stations de métro et RER lors du 1er avril de la RATP - Statistiques

Statistiques générales
  • Ce quiz a été pris 77 fois
  • Le résultat moyen est 5 sur 13
Statistiques - réponses
Station avec le nom normal Avec le nom changé % Correct
Pyrénées (ligne 11) Alpes
66%
Opéra (ligne 3,7 et 8) Apéro
62%
Saint-Jacques (ligne 6) Coquille
52%
Quatre Septembre (ligne 3) Premier Avril
47%
Parmentier (ligne 3) Pomme de Terre
40%
Monceau (ligne 2) Ma Pelle
38%
Château d'Eau (ligne 4) Château de Sable
34%
Alexandre Dumas (ligne 2) Les Trois Mousquetaires
29%
Anvers (ligne 2) sɹǝʌuɐ
29%
Crimée (ligne 7) Châtiment
17%
Télégraphe (ligne 11) #Tweet
17%
Joinville-le-Pont (RER A) Joinville-le-Pont Pon ! Pon !
10%
Cadet (ligne 7) Rouselle
9%
Aucun quiz correspondant
Distribution des résultats
% des personnes avec chaque résultat
Percentile par nombre de réponses
Votre historique - résultats
Vous n’avez pas pris ce quiz